| 000 | 00351nam a22001217a 4500 | ||
|---|---|---|---|
| 082 |
_a348.5491046 _bCIV |
||
| 245 |
_aCivil Law Cases 2021 / _cEdited by Muhammad Wahaj Azhar and et all |
||
| 260 |
_aLahore : _bPakistan Law House, _c2021. |
||
| 300 |
_a3 v. _c24 cm. |
||
| 563 | _aHardcover. | ||
| 650 |
_aLaw, Civil Law Cases _9126987 |
||
| 942 |
_2ddc _cREF |
||
| 999 |
_c612345 _d612345 |
||